|
|
|
|
| LEADER |
01243nam a2200277 a 4500 |
| 001 |
c000310400 |
| 003 |
CARM |
| 005 |
00000000000000.0 |
| 008 |
s1984 nyua b 00010 eng |
| 019 |
1 |
|
|a 3368460
|5 LACONCORD2021
|
| 035 |
|
|
|a (OCoLC)13195027
|5 LACONCORD2021
|
| 050 |
0 |
0 |
|a HB871
|b .M327 1984b
|
| 082 |
0 |
4 |
|a 304.62
|2 19
|
| 100 |
1 |
0 |
|a McNicoll, Geoffrey.
|
| 245 |
1 |
0 |
|a Consequences of rapid population growth :
|b an overview and assessment /
|c Geoffrey McNicoll.
|
| 260 |
|
|
|a New York, N.Y., U.S.A. (1 Dag Hammarskjold Plaza, New York 10017) :
|b Population Council,
|c 1984.
|
| 300 |
|
|
|a 95 p. :
|b ill. ;
|c 23 cm.
|
| 490 |
0 |
|
|a Working papers / Center for Policy Studies ;
|v no. 105.
|
| 500 |
|
|
|a Cover title.
|
| 500 |
|
|
|a "Prepared as a background paper for the World Bank's 1984 World development report"--P. [2] of cover.
|
| 504 |
|
|
|a Bibliography: p. 87-95.
|
| 650 |
|
0 |
|a Population.
|
| 830 |
|
0 |
|a Working papers (Population Council (New York, N.Y.). Center for Policy Studies) ;
|v no. 105.
|
| 852 |
8 |
|
|b CARM
|h A3:AF13F0
|i C12380
|p 0473466
|f BK
|
| 999 |
f |
f |
|i 47248b23-551e-5f35-81d0-27cfad61fec8
|s 4e603309-01f1-5c93-9e94-815fa3d68949
|
| 952 |
f |
f |
|p Can circulate
|a CAVAL
|b CAVAL
|c CAVAL
|d CARM 1 Store
|e C12380
|f A3:AF13F0
|h Other scheme
|i book
|m 0473466
|